| 000 -LEADER | |
|---|---|
| fixed length control field | 00432nam a22001697a 4500 |
| 005 - DATE AND TIME OF LATEST TRANSACTION | |
| control field | 20180208130005.0 |
| 008 - FIXED-LENGTH DATA ELEMENTS--GENERAL INFORMATION | |
| fixed length control field | 160905b xxu||||| |||| 00| 0 eng d |
| 020 ## - INTERNATIONAL STANDARD BOOK NUMBER | |
| ISBN | 978-93-325-7032-0 |
| 041 ## - LANGUAGE CODE | |
| Language code of text/sound track or separate title | eng |
| 082 ## - DEWEY DECIMAL CLASSIFICATION NUMBER | |
| Classification number | 006.42 |
| Item number | 21157 |
| 100 ## - MAIN ENTRY--AUTHOR NAME | |
| Personal name | GONZALEZ,RAFAEL C AND WOODS , RICHARD E. |
| 245 ## - TITLE STATEMENT | |
| Title | DIGITAL IMAGE PROCESSING |
| 260 ## - PUBLICATION, DISTRIBUTION, ETC. (IMPRINT) | |
| Name of publisher | PHI |
| Year of publication | 2016 |
| 300 ## - PHYSICAL DESCRIPTION | |
| Number of Pages | 914 |
| 650 ## - SUBJECT ADDED ENTRY--TOPICAL TERM | |
| Topical Term | INFORMATION TECHNOLOGY |
| 942 ## - ADDED ENTRY ELEMENTS (KOHA) | |
| Koha item type | Books |
| Lost status | Damaged status | Home library | Current library | Shelving location | Date acquired | Source of acquisition | Cost, normal purchase price | Full call number | Accession Number | Koha item type | Collection code |
|---|---|---|---|---|---|---|---|---|---|---|---|
| JRU Library | SHELF-6-E | 05/09/2016 | PURCHASE | 899.00 | 006.42 | 21157 | Books | ||||
| JRU Library | SHELF-30-A | 05/09/2016 | PURCHASE | 899.00 | 006.42 | 21158 | Books | Reference | |||
| JRU Library | SHELF-52-C | 05/09/2016 | PURCHASE | 899.00 | 006.42 | 21159 | Books | CS/IT | |||
| JRU Library | JRU Library | SHELF-51-I | 19/09/2017 | Purchase | 899.00 | 006.42 | 22012 | Books | CS/IT | ||
| JRU Library | JRU Library | SHELF-51-I | 19/09/2017 | Purchase | 899.00 | 006.42 | 22013 | Books | CS/IT | ||
| JRU Library | JRU Library | SHELF-51-I | 19/09/2017 | Purchase | 899.00 | 006.42 | 22014 | Books | CS/IT |